00483nam a2200193Ia 4500008004100000041001200041082001200053100002900065245003000094260003800124300000800162365000800170520001300178546001200191630003000203650001300233655001300246730003000259101110s9999 xx 000 0 und d aENGLISH bSR28782 aMisra S.K. and Puri V.K. aBusiness economics SYBCom c2006bHimalayaa Pub. House Mumbai a342 b120 aCommerce aENGLISH aBusiness economics SYBCom aCommerce aCommerce aBusiness economics SYBCom